Giáo trình phân tích định lượng (Dùng trong các trường THCN)
Nội dung tài liệu trình bày đại cương về hóa học phân tích định lượng; phương pháp phân tích khối lượng, thể tích; pha dung dịch chuẩn độ...
Сохранить в:
| Главный автор: | |
|---|---|
| Формат: | |
| Язык: | Undetermined |
| Опубликовано: |
Hà Nội
Nhà xuất bản Hà Nội
2007
|
| Предметы: | |
| Метки: |
Добавить метку
Нет меток, Требуется 1-ая метка записи!
|
| Thư viện lưu trữ: | Trung tâm Học liệu Trường Đại học Cần Thơ |
|---|
| LEADER | 00906nam a2200217Ia 4500 | ||
|---|---|---|---|
| 001 | CTU_142799 | ||
| 008 | 210402s9999 xx 000 0 und d | ||
| 020 | |c 14000 | ||
| 082 | |a 545 | ||
| 082 | |b Y603 | ||
| 100 | |a Lê, Thị Hải Yến | ||
| 245 | 0 | |a Giáo trình phân tích định lượng | |
| 245 | 0 | |b (Dùng trong các trường THCN) | |
| 245 | 0 | |c Lê Thị Hải Yến chủ biên | |
| 260 | |a Hà Nội | ||
| 260 | |b Nhà xuất bản Hà Nội | ||
| 260 | |c 2007 | ||
| 520 | |a Nội dung tài liệu trình bày đại cương về hóa học phân tích định lượng; phương pháp phân tích khối lượng, thể tích; pha dung dịch chuẩn độ... | ||
| 650 | |a Chemistry, analytic - quantitative,Hóa học phân tích | ||
| 904 | |i Duy Bằng | ||
| 980 | |a Trung tâm Học liệu Trường Đại học Cần Thơ | ||